| 000 | 00497nam a22001697a 4500 | ||
|---|---|---|---|
| 005 | 20231106093152.0 | ||
| 008 | 231106b |||||||| |||| 00| 0 eng d | ||
| 020 | _a0702120316 | ||
| 041 | _aAfrikaans | ||
| 082 | _a346.5 WIE | ||
| 100 |
_aWiechers, NJ _lAfrikaans |
||
| 245 |
_aTestamente 'n Kortbegrip / _cNJ Wierchers |
||
| 260 |
_aKaapstad : _bJuta en Kie, BPk, _c1988 |
||
| 300 |
_b134 pages ; _c23 cm. |
||
| 650 |
_aLegal practice _bLaw |
||
| 942 |
_cBK _6ALISON_BN_VRIES |
||
| 999 |
_c301 _d301 |
||